LEADER 01090nam a2200277 i 4500 001 000000036151 003 CaOOAMICUS 005 20050215000000.0 008 050215s1988 it u000 u eng u 013 $a5284 020 $a8876535675 040 $aSeMil$bita 100 1 $aAlonso Schökel, Luis,$c.$0(OLS)http://semarc/name/1443 245 12$aA manual of Hebrew poetics /$cLuis Alonso Schökel. 260 $aRoma :$bPontificio Istituto Biblico,$c1988. 300 $a228 p. ;$c24 cm. 490 0 $aSubsidia biblica ;$v11 500 $aContiene : [1] Appendix. 650 4$aPoesia ebraica.$0(OLS)http://semarc/subject/5507 830 0$aSubsidia biblica ;$v11.$0(OLS)http://semarc/title/9800 850 $aSeMil 852 $aSeMil$W1$xVenegono$y1$m2HA F 11$j230626$B2306$CSeMilBibl$Z2$F2306 $81 961 $aAcquisto: Casa editrice 996 $6020$a8876535675$9(OLS)http://semarc/number/4662 996 $6245$aA manual of Hebrew poetics$9(OLS)http://semarc/title/49875 996 $6260$aRoma :$bPontificio Istituto Biblico$9(OLS)http://semarc/publisher/30489 LEADER 00968nam a2200253 i 4500 001 000000037091 003 CaOOAMICUS 005 20120410000000.0 008 120410s1956 it u000 u ita u 013 $a7315 040 $aSeMil$bita 100 1 $aLippert, Peter,$c.$0(OLS)http://semarc/name/17624 240 10$aAufstiege zum ewigen.$0(OLS)http://semarc/title/51736 245 10$aAscese all'eterno /$cPeter Lippert S. J. 260 $aMilano :$bEdizioni Paoline,$c1956. 300 $a236 p. ;$c19 cm. 490 0 $aVoci dall'alto ;$v30 650 4$aMeditazioni.$0(OLS)http://semarc/subject/1352 830 0$aVoci dall'alto ;$v30.$0(OLS)http://semarc/title/196 850 $aSeMil 852 $aSeMil$W1$xVenegono$y1$m2C V 280$j3246$B3246$CSeMilBibl$Z2$F3246 $81 961 $aOmaggio: Deposito 996 $6245$aAscese all'eterno$9(OLS)http://semarc/title/51735 996 $6260$aMilano :$bEdizioni Paoline$9(OLS)http://semarc/publisher/32841